Statistiques concernant Personnages célèbres - Série 15

Cliquez ici pour prendre le quiz!

Statistiques générales

  • Ce quiz a été pris 124 fois
  • Le résultat moyen est 8 sur 15

Statistiques - réponses

Réponse% Correct
Mireille Mathieu
90%
Bernadette Chirac
88%
Georges Brassens
76%
Gérard Darmon
69%
Claude Brasseur
68%
Guy Marchand
59%
Bernard Kouchner
56%
Sacha Distel
55%
Victor Lanoux
51%
Patricia Kaas
45%
Romane Bohringer
44%
Yves Lecocq
35%
Catherine Ringer
35%
Jean Jacques Debout
26%
George Washington
15%

Distribution des résultats

Percentile par nombre de réponses

% des personnes avec chaque résultat

Votre développement - résultats

Vous n’avez pas pris ce quiz